000 00617nam a2200193 i 4500
001 78337
003 ES-MaACL
005 20230906173649.0
007 t|
008 041013s1972 sp ||||1| spa d
020 _a84-200-0307-7
245 0 0 _aDesarrollo y nutrición animal /
_ceditado por E. S. E. Hafez y I. A. Dyer ; traducido del inglés por Pedro Ducar Maluenda.
260 _aZaragoza :
_bAcribia,
_c[1972]
300 _a472 p. :
_bil. ;
_c24 cm.
700 1 _aHafez, E. Saad E.
_961433
700 1 _aDyer, I. A.
_946409
700 1 _aDucar Maluenda, Pedro.
_945803
852 _aES-MaACL
_jC-50781
_bR.85202
999 _c78337
_d78337